MARC details
| 000 -LEADER |
| campo de control de longitud fija |
01600cam a22004697i 4500 |
| 001 - NÚMERO DE CONTROL |
| campo de control |
120586 |
| 005 - FECHA Y HORA DE LA ÚLTIMA TRANSACCIÓN |
| campo de control |
20230411085948.0 |
| 008 - DATOS DE LONGITUD FIJA--INFORMACIÓN GENERAL |
| campo de control de longitud fija |
110419t20112011oncb b 001 0 eng |
| 016 ## - NÚMERO DE CONTROL DE UNA AGENCIA BIBLIOGRÁFICA NACIONAL |
| Número de control del registro |
20140027084 |
| 020 ## - NÚMERO INTERNACIONAL ESTÁNDAR DEL LIBRO |
| Número Internacional Estándar del Libro |
9780385662543 |
| 020 ## - NÚMERO INTERNACIONAL ESTÁNDAR DEL LIBRO |
| Número Internacional Estándar del Libro |
0385662548 |
| 035 ## - NÚMERO DE CONTROL DEL SISTEMA |
| Número de control de sistema |
(CaOOAMICUS)000039099356 |
| 040 ## - FUENTE DE CATALOGACIÓN |
| Centro catalogador/agencia de origen |
CaOONL |
| Lengua de catalogación |
eng |
| Normas de descripción |
rda |
| Centro/agencia transcriptor |
CaOONL |
| 055 01 - NÚMEROS DE CLASIFICACIÓN ASIGNADOS EN CANADÁ |
| Número de clasificación |
HV 640 |
| Número de ítem |
L229f 2011 |
| 082 1# - NÚMERO DE LA CLASIFICACIÓN DECIMAL DEWEY |
| Número de clasificación |
325 |
| 100 1# - ENTRADA PRINCIPAL--NOMBRE DE PERSONA |
| Nombre de persona |
Lamey, Andy |
| 245 10 - MENCIÓN DEL TÍTULO |
| Título |
Frontier justice : |
| Resto del título |
the global refugee crisis and what to do about it / |
| Mención de responsabilidad, etc. |
Andy Lamey. |
| 246 30 - FORMA VARIANTE DEL TITULO |
| Título propio/Titulo breve |
Global refugee crisis and what to do about it |
| 260 ## - PUBLICACIÓN, DISTRIBUCIÓN, ETC. |
| Lugar de publicación, distribución, etc. |
[Toronto] : |
| Nombre del editor, distribuidor, etc. |
Doubleday Canada, |
| Fecha de publicación, distribución, etc. |
[2011] |
| 300 ## - DESCRIPCIÓN FÍSICA |
| Extensión |
408 p. : |
| Otras características físicas |
maps ; |
| Dimensiones |
24 cm. |
| 504 ## - NOTA DE BIBLIOGRAFÍA, ETC. |
| Nota de bibliografía, etc. |
Includes bibliographical references and index. |
| 650 #0 - PUNTO DE ACCESO ADICIONAL DE MATERIA--TÉRMINO DE MATERIA |
| Término de materia o nombre geográfico como elemento de entrada |
Refugees. |
| 650 #0 - PUNTO DE ACCESO ADICIONAL DE MATERIA--TÉRMINO DE MATERIA |
| Término de materia o nombre geográfico como elemento de entrada |
Political refugees. |
| 650 #0 - PUNTO DE ACCESO ADICIONAL DE MATERIA--TÉRMINO DE MATERIA |
| Término de materia o nombre geográfico como elemento de entrada |
Refugees |
| Subdivisión general |
Civil rights. |
| 650 #0 - PUNTO DE ACCESO ADICIONAL DE MATERIA--TÉRMINO DE MATERIA |
| Término de materia o nombre geográfico como elemento de entrada |
Human rights. |
| 650 #0 - PUNTO DE ACCESO ADICIONAL DE MATERIA--TÉRMINO DE MATERIA |
| Término de materia o nombre geográfico como elemento de entrada |
Asylum, Right of. |
| 650 #4 - PUNTO DE ACCESO ADICIONAL DE MATERIA--TÉRMINO DE MATERIA |
| Término de materia o nombre geográfico como elemento de entrada |
Refugiados. |
| 650 #4 - PUNTO DE ACCESO ADICIONAL DE MATERIA--TÉRMINO DE MATERIA |
| Término de materia o nombre geográfico como elemento de entrada |
Derechos humanos. |
| 650 #4 - PUNTO DE ACCESO ADICIONAL DE MATERIA--TÉRMINO DE MATERIA |
| Término de materia o nombre geográfico como elemento de entrada |
Derechos civiles. |
| 650 #4 - PUNTO DE ACCESO ADICIONAL DE MATERIA--TÉRMINO DE MATERIA |
| Término de materia o nombre geográfico como elemento de entrada |
Refugiados políticos. |
| 650 #4 - PUNTO DE ACCESO ADICIONAL DE MATERIA--TÉRMINO DE MATERIA |
| Término de materia o nombre geográfico como elemento de entrada |
Derecho de asilo. |
| 650 #4 - PUNTO DE ACCESO ADICIONAL DE MATERIA--TÉRMINO DE MATERIA |
| Término de materia o nombre geográfico como elemento de entrada |
20150900 |
| 650 #6 - PUNTO DE ACCESO ADICIONAL DE MATERIA--TÉRMINO DE MATERIA |
| Término de materia o nombre geográfico como elemento de entrada |
Droit d'asile. |
| 650 #6 - PUNTO DE ACCESO ADICIONAL DE MATERIA--TÉRMINO DE MATERIA |
| Término de materia o nombre geográfico como elemento de entrada |
Réfugiés. |
| 650 #6 - PUNTO DE ACCESO ADICIONAL DE MATERIA--TÉRMINO DE MATERIA |
| Término de materia o nombre geográfico como elemento de entrada |
Réfugiés politiques. |
| 650 #6 - PUNTO DE ACCESO ADICIONAL DE MATERIA--TÉRMINO DE MATERIA |
| Término de materia o nombre geográfico como elemento de entrada |
Droits de l'homme (Droit international) |
| 850 #1 - INSTITUCIÓN QUE POSEE LOS FONDOS |
| -- |
HV640 L35 2011 |
| 851 ## - LOCALIZACIÓN [OBSOLETO] |
| -- |
NL Stacks (HD-395) |
| -- |
HV640 L35 2011 |
| -- |
LAC copy: Hardcover. |
| -- |
1 85732 |
| -- |
16591337 |
| -- |
33286560838753 |
| -- |
HV 0640 L35 2011 /S |
| 851 ## - LOCALIZACIÓN [OBSOLETO] |
| -- |
Preserv - off site (HD-CSF) |
| -- |
B-160184 |
| -- |
Copy 2 |
| -- |
LAC copy: Hardcover. |
| -- |
0 8273P |
| -- |
16591338 |
| -- |
33286560838803 |
| -- |
B000160184 |
| 942 ## - ELEMENTOS DE ENTRADA SECUNDARIOS (KOHA) |
| Fuente del sistema de clasificación o colocación |
Clasificación de Library of Congress |
| Tipo de ítem Koha |
|
| 946 ## - PROCESAMIENTO DE INFORMACIÓN LOCAL (OCLC) |
| a |
JaaM |